000 00586nam a2200193Ia 4500
008 240729s9999 xx 000 0 und d
022 _a2027-534X
245 0 _aPalabra Clave
260 _aColombia
260 _bUniversidad de La Sabana
650 _a Communication. Mass media | Language and Literature
650 _a Journalism. The periodical press, etc.
650 _a Literature (General)
650 _a Philology. Linguistics
650 _aLanguage and Literature
856 _uhttps://doaj.org/toc/b466646f5488435397dc71352337788e
942 _2ddc
942 _cDOAJEJ
999 _c65760
_d65760
945 _a1
_bMadushi Gamage
_c1
_dMadushi Gamage